MARC

LEADER 00000nam0a2200000 4500
001 144362
005 20231101221106.0
010 |a 5747000225 
035 |a (RuTPU)RU\TPU\book\156452 
090 |a 144362 
100 |a 20081002d1990 k y0rusy50 ca 
101 0 |a rus 
102 |a RU 
105 |a a z 001zy 
200 1 |a Экранирующие оболочки с параметрическими неоднородностями  |f С. М. Аполлонский 
210 |a Красноярск  |c Изд-во Красноярского ун-та  |d 1990 
215 |a 204 с.  |c ил. 
320 |a Библиогр.: с. 196-201 
606 |a Экраны электромагнитные  |x Расчет  |2 stltpush  |3 (RuTPU)RU\TPU\subj\26646  |9 50530 
610 1 |a экранирующие оболочки 
610 1 |a конструкции 
610 1 |a расчет 
675 |a 621.318.3  |v 3 
700 1 |a Аполлонский  |b С. М.  |g Станислав Михайлович 
801 1 |a RU  |b 63413507  |c 20081002  |g PSBO 
801 2 |a RU  |b 63413507  |c 20171219  |g PSBO 
942 |c BK